Statistics for Kingdom Hearts Song Titles #1

Click here to take the quiz!

General Stats

  • This quiz has been taken 194 times
  • The average score is 4 of 15

Answer Stats

HintAnswer% Correct
Theme song of the first Kingdom HeartsHikari/Simple and Clean
95%
Played at the main menuDearly Beloved
80%
Field music of Atlantica from the respective filmUnder the Sea
44%
Track played during the tutorialDive into the Heart -Destati-
37%
Track played during the Heartless' invasion of Destiny IslandsNight of Fate
25%
Field theme of the final worldEnd of the World
19%
Hollow Bastion's battle themeScherzo di Notte
18%
Battle theme of the above worldMonstrous Monstro
14%
Field theme of MonstroA Very Small Wish
13%
Plays during final fight with RikuForze Del Male
11%
Minigame music in the 100 Acre WoodsBounce-O-Rama
10%
Battle music of Deep JungleHaving a Wild Time
10%
Wonderland's field musicWelcome to Wonderland
10%
Boss music against the Darkside at Destiny IslandsDestiny's Force
7%
Theme song of Maleficent and her band of villainsVillains of a Sort
5%

Score Distribution

Percentile by Number Answered

Percent of People with Each Score

Your Score History

You have not taken this quiz